000 00670nam a2200205 u 4500
005 20220915064159.0
008 101011s1999 r 000 0 eng d
020 _a9583005738
035 _aUPN01000178102
049 _aI
050 4 _aPZ73
_bN5.6
100 1 _aNiño, Jairo Aníbal,
_d1941-
_932016
245 1 3 _aEl quinto viaje :
_by otras historias del Nuevo mundo /
_cJairo Aníbal Niño ; il. de Juanita Isaza.
260 _aBogotá :
_bPanamericana,
_c1999.
300 _a153 p. :
_bil.
440 0 _aLiteratura juvenil
650 7 _aCuentos colombianos
_2
_96585
651 4 _aAMERICA -
_xDESCRIPCION Y VIAJES -
_vLITERATURA JUVENIL
_917149
905 _aInfantil
999 _c150205
_d150205